MARC details
| 000 -LEADER |
| fixed length control field |
01845cam a22003614a 4500 |
| 001 - CONTROL NUMBER |
| control field |
13773169 |
| 003 - CONTROL NUMBER IDENTIFIER |
| control field |
OSt |
| 005 - DATE AND TIME OF LATEST TRANSACTION |
| control field |
20161117132933.0 |
| 008 - FIXED-LENGTH DATA ELEMENTS--GENERAL INFORMATION |
| fixed length control field |
041104s2006 nyua b 001 0 eng |
| 010 ## - LIBRARY OF CONGRESS CONTROL NUMBER |
| LC control number |
2004063122 |
| Canceled/invalid LC control number |
2005050545 |
| 016 7# - NATIONAL BIBLIOGRAPHIC AGENCY CONTROL NUMBER |
| Record control number |
101258215 |
| Source |
DNLM |
| 020 ## - INTERNATIONAL STANDARD BOOK NUMBER |
| International Standard Book Number |
0071422803 |
| 035 ## - SYSTEM CONTROL NUMBER |
| System control number |
(OCoLC)ocm56982354 |
| 040 ## - CATALOGING SOURCE |
| Original cataloging agency |
DLC |
| Transcribing agency |
DLC |
| 042 ## - AUTHENTICATION CODE |
| Authentication code |
pcc |
| 050 00 - LIBRARY OF CONGRESS CALL NUMBER |
| Classification number |
RM300 |
| Item number |
.G644 2006 |
| 060 00 - NATIONAL LIBRARY OF MEDICINE CALL NUMBER |
| Classification number |
2005 L-513 |
| 060 10 - NATIONAL LIBRARY OF MEDICINE CALL NUMBER |
| Classification number |
QV 4 |
| Item number |
G6532 2006 |
| 082 00 - DEWEY DECIMAL CLASSIFICATION NUMBER |
| Classification number |
WB 300 G621l 2006 |
| 084 ## - OTHER CLASSIFICATION NUMBER |
| Number source |
bcl |
| 100 ## - MAIN ENTRY--PERSONAL NAME |
| Personal name |
Brunton, L. Lawrence; Lazo, John S.; Parker, Keith L. |
| 9 (RLIN) |
11302 |
| 245 00 - TITLE STATEMENT |
| Title |
Goodman & Gilman's the pharmacological basis of therapeutics. |
| 250 ## - EDITION STATEMENT |
| Edition statement |
11th ed. |
| 260 ## - PUBLICATION, DISTRIBUTION, ETC. (IMPRINT) |
| Place of publication, distribution, etc. |
New York : |
| Name of publisher, distributor, etc. |
McGraw-Hill, |
| Date of publication, distribution, etc. |
c2006. |
| 300 ## - PHYSICAL DESCRIPTION |
| Extent |
xxiii, 2021 p. : |
| Other physical details |
ill. ; |
| Dimensions |
26 cm. |
| 504 ## - BIBLIOGRAPHY, ETC. NOTE |
| Bibliography, etc |
Includes bibliographical references and index. |
| 505 00 - FORMATTED CONTENTS NOTE |
| Miscellaneous information |
Sect. I |
| Title |
General principles -- |
| Miscellaneous information |
Sect. II |
| Title |
Drugs acting at synaptic and neuroeffector junctional sites -- |
| Miscellaneous information |
Sect. III |
| Title |
Drugs acting on the central nervous system -- |
| Miscellaneous information |
Sect. IV |
| Title |
Autacoids: drug therapy of inflammation -- |
| Miscellaneous information |
Sect. V |
| Title |
Drugs affecting renal and cardiovascular function -- |
| Miscellaneous information |
Sect. VI |
| Title |
Drugs affecting gastrointestinal function -- |
| Miscellaneous information |
Sect. VII |
| Title |
Chemotherapy of parasitic infections -- |
| Miscellaneous information |
Sect. VIII |
| Title |
Chemotherapy of microbial diseases -- |
| Miscellaneous information |
Sect. IX |
| Title |
Chemotherapy of neoplastic diseases -- |
| Miscellaneous information |
Sect. X |
| Title |
Immunomodulators -- |
| Miscellaneous information |
Sect. XI |
| Title |
Drugs acting on the blood and the blood-forming organs -- |
| Miscellaneous information |
Sect. XII |
| Title |
Hormones and hormone antagonists -- |
| Miscellaneous information |
Sect. XIII |
| Title |
Dermatology -- |
| Miscellaneous information |
Sect. XIV |
| Title |
Ophthalmology -- |
| Miscellaneous information |
Sect. XV |
| Title |
Toxicology -- |
| -- |
Appendices. |
| 650 #0 - SUBJECT ADDED ENTRY--TOPICAL TERM |
| Topical term or geographic name as entry element |
Pharmacology. |
| 9 (RLIN) |
357 |
| 650 #0 - SUBJECT ADDED ENTRY--TOPICAL TERM |
| Topical term or geographic name as entry element |
Therapeutics. |
| 9 (RLIN) |
1626 |
| 856 41 - ELECTRONIC LOCATION AND ACCESS |
| Materials specified |
Table of contents only |
| Uniform Resource Identifier |
http://www.loc.gov/catdir/enhancements/fy0645/2004063122-t.html |
| 906 ## - LOCAL DATA ELEMENT F, LDF (RLIN) |
| a |
7 |
| b |
cbc |
| c |
orignew |
| d |
1 |
| e |
ocip |
| f |
20 |
| g |
y-gencatlg |
| 942 ## - ADDED ENTRY ELEMENTS (KOHA) |
| Source of classification or shelving scheme |
Other/Generic Classification Scheme |
| Koha item type |
Short Loan |